000
00330nam a2200133Ia 4500
008
220204s9999 xx 000 0 und d
082
_a
681.31LAN
_b
SAS
100
_a
McLaughlin, Robert
245
0
_a
Fix your own LAN
250
_a
Ed.2
260
_a
New Delhi
_b
BPB Publications
_c
1994
700
_a
Sasser, Susan B
942
_c
BK
999
_c
41219
_d
41219